000 00671cam a2200253 4500
008 090401t1976 xxu||||| |||| 00| 0 eng d
020 _a0851251218
035 _a(Sirsi) u4982
041 _aeng
050 _a690
110 _aBuilding Research Establishment
245 _aSound insulation: basic principles
260 _aGarston, Watford
_bBuilding Research Establishment
_c1976
300 _a8p. : ill. ; 30cm.
350 _a0
490 _aBRE Digest
_v143
520 _a1985 reprint.
650 _aINSULATION
650 _aNOISE
650 _aSOUND INSULATION
690 _aBUILT ENVIRONMENT-BUILDING MATERIALS
942 _n0
948 _c04/03/1997
999 _c86099
_d86099